00249nam a22000977a 4500020001800000082001700018100001500035245006200050260003000112300000900142 a9787513817400 a915.1035 CHI aSinolingua aChina Close-up : creative and high-tech ChinacSinolingua aBeijingbSinolinguac2019 a127p